[Event "Arab Games 2011"]
[Site "1:15.14-1:13.15"]
[Date "2011.12.13"]
[Round "1"]
[White "Al-Ali Hussein Ali Hussei"]
[Black "Adly Ahmed"]
[Result "1/2-1/2"]
[WhiteElo "2392"]
[BlackElo "2601"]
[PlyCount "69"]
[EventDate "2011.??.??"]

1. e4 c5 2. Nf3 d6 3. Bb5+ Nd7 4. O-O Ngf6 5. Re1 a6 6. Bxd7+ Bxd7 7. e5 dxe5
8. Nxe5 e6 9. Nc3 Be7 10. d3 O-O 11. Nxd7 Qxd7 12. Qf3 Nd5 13. Nxd5 exd5 14.
Bf4 Rfe8 15. Be5 Bf8 16. b3 Re6 17. Bc3 Rae8 18. Rxe6 Qxe6 19. Kf1 Qd6 20. g3
b5 21. Re1 Rxe1+ 22. Bxe1 Qe5 23. Qe2 Qa1 24. c4 dxc4 25. dxc4 b4 26. Kg2 g6
27. f3 Bg7 28. Qe8+ Bf8 29. Qe2 Bd6 30. Bf2 Kf8 31. Be3 h5 32. Qf2 Ke8 33. Qd2
Be7 34. Bf2 Kf8 35. Qe2 1/2-1/2

[Event "Arab Games 2011"]
[Site "0:03.23-0:03.10"]
[Date "2011.12.13"]
[Round "1"]
[White "Fuad Natalie"]
[Black "Mezioud Amina"]
[Result "1/2-1/2"]
[WhiteElo "1952"]
[BlackElo "2065"]
[PlyCount "92"]
[EventDate "2011.??.??"]

1. e4 e5 2. Nf3 d6 3. d4 exd4 4. Nxd4 Nf6 5. Nc3 Be7 6. g3 O-O 7. Bg2 Re8 8.
O-O Nbd7 9. Re1 a5 10. a4 Nc5 11. h3 Bd7 12. b3 g6 13. Bb2 c6 14. Qd2 Nh5 15.
Kh2 Ng7 16. Rad1 Nge6 17. Nf3 h5 18. Nb1 Kh7 19. Bc1 Bf8 20. Ng5+ Nxg5 21. Qxg5
Qxg5 22. Bxg5 Ne6 23. Bf6 Rab8 24. Nc3 Nc5 25. Bd4 Be6 26. f4 Rbd8 27. Re2 Bc8
28. Red2 b6 29. Bf3 Ba6 30. g4 Bh6 31. g5 Bf8 32. Kg3 Rb8 33. Bxc5 bxc5 34. Be2
Bc8 35. Bc4 Be6 36. Bxe6 fxe6 37. Ne2 d5 38. exd5 exd5 39. Nc1 Re3+ 40. Kg2 Bd6
41. Nd3 Rbe8 42. Rf2 h4 43. Rf3 Re2+ 44. Rf2 R2e3 45. Rf3 Re2+ 46. Rf2 R2e3
1/2-1/2

[Event "Arab Games 2011"]
[Site "0:11.13-0:04.16"]
[Date "2011.12.13"]
[Round "1"]
[White "Latreche Sabrina"]
[Black "Dahdal Lougain"]
[Result "1/2-1/2"]
[WhiteElo "1995"]
[BlackElo "1828"]
[PlyCount "103"]
[EventDate "2011.??.??"]

1. f4 c5 2. Nf3 Nf6 3. e3 e6 4. b3 d6 5. Bb2 Be7 6. Bb5+ Nbd7 7. O-O a6 8.
Bxd7+ Bxd7 9. d3 O-O 10. Qe1 b5 11. Nbd2 Qb6 12. Ng5 h6 13. Nge4 Nxe4 14. Nxe4
d5 15. Qg3 f6 16. Nd2 c4 17. Rad1 Rac8 18. dxc4 bxc4 19. Bd4 Qa5 20. a4 cxb3
21. cxb3 Rc2 22. Rf2 Qb4 23. Qg6 Rfc8 24. Qd3 Be8 25. Qxa6 R8c6 26. Qd3 Bh5 27.
Nf3 Rxf2 28. Kxf2 Qa3 29. Ra1 Qd6 30. a5 Bxf3 31. gxf3 e5 32. fxe5 fxe5 33. Bb6
Bh4+ 34. Kg2 e4 35. fxe4 Qg6+ 36. Kh3 Rf6 37. Qxd5+ Kh7 38. Kxh4 Qg2 39. Qf5+
Rxf5 40. exf5 Qxh2+ 41. Kg4 h5+ 42. Kf3 Qh3+ 43. Ke4 Qg4+ 44. Ke5 Qb4 45. Rh1
Qb5+ 46. Kf4 Qb4+ 47. e4 Qd2+ 48. Ke5 Qc3+ 49. Kf4 Qd2+ 50. Ke5 Qc3+ 51. Kf4
Qd2+ 52. Ke5 1/2-1/2

[Event "Arab Games 2011"]
[Site "0:02.36-0:03.42"]
[Date "2011.12.13"]
[Round "1"]
[White "Alattar Ghayda M"]
[Black "Latreche Khadidja"]
[Result "0-1"]
[WhiteElo "1850"]
[BlackElo "1936"]
[PlyCount "112"]
[EventDate "2011.??.??"]

1. d4 Nf6 2. Nc3 b6 3. Bg5 Bb7 4. f3 e6 5. e4 Be7 6. Qd2 d6 7. Nge2 Nbd7 8. Ng3
h5 9. h4 Nf8 10. Be2 Ng6 11. Nf1 a6 12. O-O-O b5 13. Bd3 e5 14. d5 Nd7 15. Bxe7
Qxe7 16. g3 Nc5 17. Ne3 Nxd3+ 18. Qxd3 b4 19. Ne2 Qd7 20. Nf5 f6 21. Qe3 a5 22.
Kb1 Ba6 23. Nc1 Kf7 24. Rhg1 a4 25. g4 Nf4 26. g5 g6 27. gxf6 Kxf6 28. Ng3 Qh3
29. Nge2 Qxh4 30. Rh1 Qg5 31. Rdg1 Qh6 32. Qf2 g5 33. Nxf4 gxf4 34. Qh4+ Kf7
35. Rg5 Rag8 36. Rf5+ Ke8 37. Qf2 Bc8 38. Rfxh5 Qxh5 39. Rxh5 Rxh5 40. a3 Rh1
41. Qd2 Rgg1 42. axb4 Rxc1+ 43. Qxc1 Rxc1+ 44. Kxc1 Ba6 45. Kd2 Ke7 46. Ke1 Kf6
47. Kf2 Kg5 48. Kg2 Kh4 49. Kh2 Bf1 50. Kg1 Bb5 51. Kh2 Bf1 52. Kg1 Kg3 53.
Kxf1 Kxf3 54. c4 Kxe4 55. b5 Kd4 56. c5 Kxc5 0-1

[Event "Arab Games 2011"]
[Site "0:04.20-0:02.00"]
[Date "2011.12.13"]
[Round "1"]
[White "Hamza Amira"]
[Black "Boshra Alshaeby"]
[Result "1-0"]
[WhiteElo "1877"]
[BlackElo "1884"]
[PlyCount "125"]
[EventDate "2011.??.??"]

1. d4 Nf6 2. Nf3 c5 3. g3 cxd4 4. Nxd4 g6 5. Bg2 Bg7 6. O-O O-O 7. e4 d6 8. Nc3
Nc6 9. Nb3 Bd7 10. h3 Rc8 11. Nd5 b5 12. c3 a5 13. Be3 Nxd5 14. exd5 Ne5 15.
Nd4 Nc4 16. Qe2 Nxe3 17. Qxe3 Re8 18. Qd3 Qb6 19. Rfd1 a4 20. a3 Rc4 21. Nf3
Bf5 22. Qe3 Qb7 23. Nd2 Rcc8 24. Ne4 Qc7 25. Bf1 Qb7 26. g4 Bxe4 27. Qxe4 Rb8
28. Rac1 Qb6 29. Kg2 e6 30. Qb4 exd5 31. Rxd5 Re6 32. Rxb5 Qc6+ 33. f3 Rbe8 34.
Rb8 Rxb8 35. Qxb8+ Re8 36. Qb4 Re3 37. Qf4 Qc5 38. Bc4 Re7 39. Rd1 Be5 40. Qe4
Bf6 41. Qd5 Qe3 42. Qxd6 Bh4 43. Qd8+ Kg7 44. Qd4+ Qxd4 45. Rxd4 Rb7 46. Rd2
Bg5 47. Rc2 Kf6 48. Bd5 Rb6 49. c4 Kg7 50. c5 Rb8 51. c6 Bf4 52. Bc4 Bc7 53.
Ba6 Rb3 54. Rd2 Rb6 55. Bb7 Be5 56. Rc2 Bc7 57. Rd2 Be5 58. Kf1 Kf6 59. Rd7 Ke6
60. c7 Rxb7 61. c8=Q Rxd7 62. Qc6+ Ke7 63. Qxa4 1-0

[Event "Arab Games 2011"]
[Site "0:02.41-1:00.10"]
[Date "2011.12.13"]
[Round "1"]
[White "Al Harmoodi Ari Mohamed"]
[Black "Elamri Laila A"]
[Result "0-1"]
[WhiteElo "1858"]
[BlackElo "1910"]
[PlyCount "106"]
[EventDate "2011.??.??"]

1. d4 Nf6 2. c4 g6 3. Nc3 Bg7 4. Bg5 O-O 5. e4 d6 6. Be2 Nbd7 7. Qd2 c5 8. d5
a6 9. h4 Re8 10. h5 Qc7 11. hxg6 hxg6 12. O-O-O Rb8 13. f4 Nf8 14. Bh6 Bh8 15.
f5 N8h7 16. Nh3 gxf5 17. Ng5 fxe4 18. Nxh7 Nxh7 19. Qf4 Be5 20. Qxe4 Nf6 21.
Qh4 Bf5 22. Qg5+ Bg6 23. Bd3 Nh7 24. Qh4 Bf6 25. Qg4 Qc8 26. Qg3 Be5 27. Bf4
Bxf4+ 28. Qxf4 f5 29. Qh6 Kf7 30. g4 Nf6 31. gxf5 Bxf5 32. Bxf5 Qxf5 33. Rdf1
Qg6 34. Qf4 Rh8 35. Qe3 Qg4 36. Rhg1 Qh3 37. Rf3 Qh6 38. Rf4 Qh3 39. Rg3 Qh6
40. Rgf3 Rbe8 41. Qe6+ Kg7 42. Kc2 Qg6+ 43. Kb3 Qf7 44. Rg3+ Kf8 45. Qe2 Qh5
46. Qf2 b5 47. Ne4 bxc4+ 48. Kxc4 Qxd5+ 49. Kc3 Qd4+ 50. Qxd4 cxd4+ 51. Kxd4
e5+ 52. Kd3 exf4 53. Nxf6 fxg3 0-1

[Event "Arab Games 2011"]
[Site "0:02.04-0:14.59"]
[Date "2011.12.13"]
[Round "1"]
[White "Gharib Alia Ali"]
[Black "Arif Fadoua"]
[Result "0-1"]
[WhiteElo "1799"]
[BlackElo "1844"]
[PlyCount "78"]
[EventDate "2011.??.??"]

1. e4 c5 2. Nc3 Nc6 3. f4 g6 4. Nf3 Bg7 5. Bb5 Nd4 6. O-O a6 7. Bc4 b5 8. Bd5
Rb8 9. d3 e6 10. Bb3 Ne7 11. Nxd4 Bxd4+ 12. Kh1 Bg7 13. e5 Bb7 14. a4 Bc6 15.
axb5 axb5 16. Ne2 d6 17. exd6 Qxd6 18. Ng3 O-O 19. Qe2 Nf5 20. Nxf5 exf5 21.
Ra7 Ra8 22. Rxa8 Rxa8 23. c3 b4 24. Bd2 Re8 25. Qd1 Qxd3 26. cxb4 Qh3 27. Rf2
Bd4 28. Re2 Rxe2 29. Bxf7+ Kxf7 30. Qxe2 Bxb2 31. bxc5 Qg4 32. Qxg4 fxg4 33.
Be3 Ke6 34. Kg1 Kd5 35. Kf2 Ke4 36. Bd2 Bd4+ 37. Kg3 Kf5 38. Bb4 Be3 39. Ba3
Bxf4+ 0-1

[Event "Arab Games 2011"]
[Site "0:04.55-0:00.42"]
[Date "2011.12.13"]
[Round "1"]
[White "Al-Khelaifi Salama"]
[Black "Al-Rufaye Iman Hasan Moha"]
[Result "1-0"]
[WhiteElo "1787"]
[BlackElo "2155"]
[PlyCount "93"]
[EventDate "2011.??.??"]

1. d4 d5 2. Nc3 Nf6 3. Bg5 Bf5 4. Bxf6 exf6 5. e3 c6 6. Bd3 Be6 7. Qf3 Qb6 8.
O-O-O Na6 9. Nge2 O-O-O 10. Bf5 Nc7 11. Bxe6+ fxe6 12. Qg4 Qa5 13. Kb1 f5 14.
Qg3 Rg8 15. Nc1 b5 16. Nb3 Qb6 17. Qf3 a5 18. g4 g6 19. h4 a4 20. Nc1 Qa5 21.
Rhg1 Bd6 22. gxf5 exf5 23. h5 Kb7 24. hxg6 hxg6 25. Rd3 Na6 26. Rh1 Rg7 27. Rh3
Nc7 28. Qh1 b4 29. N3e2 Nb5 30. Rh7 Rdd7 31. Rxg7 Rxg7 32. Qh8 Qc7 33. Rd1 Rh7
34. Qg8 Rh2 35. Rf1 a3 36. b3 Rg2 37. Nd3 g5 38. Rh1 Bh2 39. Nxb4 Rxf2 40. Nc1
Nc3+ 41. Ka1 g4 42. Ncd3 Rg2 43. Nc5+ Kb6 44. Qa8 Qb8 45. Qa6+ Kc7 46. Qxc6+
Kd8 47. Qd7# 1-0

[Event "Arab Games 2011"]
[Site "0:09.39-0:00.51"]
[Date "2011.12.13"]
[Round "1"]
[White "Ibraheem Delbak Ismael Ib"]
[Black "Safar Reem"]
[Result "1-0"]
[WhiteElo "1919"]
[BlackElo "1734"]
[PlyCount "95"]
[EventDate "2011.??.??"]

1. e4 c6 2. d3 d5 3. Nd2 e5 4. Ngf3 Bd6 5. g3 f5 6. exf5 Bxf5 7. Nh4 Be6 8.
Qh5+ Bf7 9. Qg4 Qf6 10. Qc8+ Qd8 11. Qxb7 Qb6 12. Nf5 Bf8 13. Qc8+ Qd8 14.
Qxd8+ Kxd8 15. Nf3 Nd7 16. Ng5 Ke8 17. Nxf7 Kxf7 18. Bg2 g6 19. Ne3 Rc8 20. O-O
Ngf6 21. Bd2 Bd6 22. b4 Rb8 23. a3 Rhe8 24. c4 e4 25. d4 Kg7 26. c5 Bc7 27.
Rfb1 Nf8 28. a4 Ne6 29. Bc3 h5 30. b5 Ng5 31. Bf1 Nf3+ 32. Kg2 h4 33. h3 hxg3
34. fxg3 Nh5 35. bxc6 Nxg3 36. Nxd5 Nh4+ 37. Kf2 Rf8+ 38. Ke3 Rf3+ 39. Kd2 Rxb1
40. Rxb1 Nxf1+ 41. Rxf1 Rxf1 42. Nxc7 Nf3+ 43. Ke3 Ng5 44. Ne8+ Kf7 45. c7 Rf3+
46. Kd2 Rf2+ 47. Kc1 Rf1+ 48. Kb2 1-0

[Event "Arab Games 2011"]
[Site "0:00.03-0:05.07"]
[Date "2011.12.13"]
[Round "1"]
[White "Al-Khulaifi Ghada"]
[Black "Al-Rajab Maha Layth Ismae"]
[Result "0-1"]
[WhiteElo "1647"]
[BlackElo "1858"]
[PlyCount "110"]
[EventDate "2011.??.??"]

1. e4 e6 2. d4 d5 3. Nc3 dxe4 4. Nxe4 Nd7 5. Nf3 Ngf6 6. Bd3 Nxe4 7. Bxe4 c5 8.
O-O Qb6 9. d5 Nf6 10. Re1 Nxe4 11. Rxe4 Be7 12. c4 O-O 13. Qc2 Bf6 14. Ng5 Bxg5
15. Bxg5 exd5 16. Rh4 Qg6 17. Qd2 d4 18. Be7 Re8 19. Bxc5 b6 20. Bxd4 Bb7 21.
f4 Rad8 22. f5 Qxf5 23. Rf1 Qg6 24. h3 Re4 25. Rxe4 Qxe4 26. Re1 Qc6 27. Re2
Qxc4 28. Bxb6 Rc8 29. Bxa7 h6 30. a3 Qc7 31. Be3 Rd8 32. Qe1 Ba6 33. Rd2 Re8
34. Qf2 Qc1+ 35. Kh2 Qc7+ 36. Bf4 Qc4 37. Qg3 Re4 38. Rd8+ Kh7 39. Bxh6 g6 40.
Bf4 Rxf4 41. Qe3 Re4 42. Qg3 Qe6 43. Rd6 Qc8 44. Qf3 Qc7 45. Qxe4 Qxd6+ 46. Kg1
Qd3 47. Qxd3 Bxd3 48. a4 Kg7 49. b4 Bc2 50. a5 Ba4 51. a6 Bc6 52. Kf2 Kf6 53.
Ke3 Ke5 54. a7 Bxg2 55. Kd3 Bb7 0-1

[Event "Arab Games 2011"]
[Site "0:09.00-0:32.46"]
[Date "2011.12.14"]
[Round "2"]
[White "Al-Rajab Maha Layth Ismae"]
[Black "Emhemed Inas"]
[Result "1-0"]
[WhiteElo "1858"]
[BlackElo "1486"]
[PlyCount "53"]
[EventDate "2011.??.??"]

1. d4 e6 2. c4 Nf6 3. Nc3 d5 4. Bg5 Be7 5. e3 Nbd7 6. Nf3 O-O 7. Bd3 dxc4 8.
Bxc4 c5 9. O-O b6 10. Re1 Bb7 11. Bd3 Nd5 12. Bxe7 Qxe7 13. Nxd5 Bxd5 14. e4
Bb7 15. Rc1 Rac8 16. Bb5 cxd4 17. Rxc8 Bxc8 18. Qxd4 Qc5 19. Qa4 Ne5 20. Nxe5
Qxe5 21. Bc6 Qxb2 22. Qxa7 Qc3 23. Rd1 Qxc6 24. f3 Bb7 25. h3 Ra8 26. Qxa8+
Bxa8 27. Rd8+ 1-0

[Event "Arab Games 2011"]
[Site "0:05.23-0:02.12"]
[Date "2011.12.14"]
[Round "2"]
[White "Mezioud Amina"]
[Black "Al-Zarouni Kholoud Essa"]
[Result "1-0"]
[WhiteElo "2065"]
[BlackElo "1861"]
[PlyCount "119"]
[EventDate "2011.??.??"]

1. e4 e5 2. Nf3 Nc6 3. Bc4 Bc5 4. c3 Nf6 5. d3 a6 6. Nbd2 d6 7. Bb3 h6 8. Nf1
Be6 9. Bc2 d5 10. exd5 Qxd5 11. Ng3 Ba7 12. O-O O-O 13. h3 Rfe8 14. Nh4 Rad8
15. Qe2 Qd7 16. Kh2 b5 17. Nh5 Qe7 18. g3 e4 19. Rd1 exd3 20. Bxd3 Bxf2 21.
Qxf2 Nxh5 22. Be3 Bxh3 23. Bc5 Qe6 24. Re1 Ne5 25. Be2 Rd2 26. Kg1 Bg4 27. Bxg4
Qxg4 28. Qxd2 Qxg3+ 29. Qg2 Qxh4 30. Bf2 Qf6 31. Kh1 Nf4 32. Qe4 Qg5 33. Bg1 f5
34. Qc2 Qg4 35. Re3 Re6 36. Bh2 Rg6 37. Rg1 Qh5 38. Rxg6 Nexg6 39. Qf2 Qd1+ 40.
Bg1 Qd5+ 41. Qf3 Kf7 42. Qxd5+ Nxd5 43. Rd3 Ngf4 44. Rf3 g5 45. Bh2 Kf6 46. b3
Ne6 47. c4 bxc4 48. bxc4 Nb6 49. Rc3 f4 50. Bg1 c5 51. Ra3 Nxc4 52. Rxa6 Kf5
53. Rc6 Ne5 54. Rc8 c4 55. a4 g4 56. a5 g3 57. a6 f3 58. a7 Ng5 59. Rf8+ Ke4
60. a8=Q+ 1-0

[Event "Arab Games 2011"]
[Site "0:01.37-0:34.22"]
[Date "2011.12.14"]
[Round "2"]
[White "Salem Amna"]
[Black "Latreche Sabrina"]
[Result "1/2-1/2"]
[WhiteElo "1697"]
[BlackElo "1995"]
[PlyCount "87"]
[EventDate "2011.??.??"]

1. d4 Nf6 2. c4 e6 3. Nc3 d5 4. Nf3 Nbd7 5. Bg5 Be7 6. e3 O-O 7. Qc2 c6 8. Bd3
dxc4 9. Bxc4 h6 10. Bh4 b5 11. Bd3 Bb7 12. O-O a6 13. Nd2 c5 14. dxc5 Nxc5 15.
Be2 Rc8 16. a3 Nfe4 17. Bxe7 Qxe7 18. Ndxe4 Nxe4 19. Rfd1 Nxc3 20. bxc3 Qg5 21.
g3 Qc5 22. Rdc1 Qd5 23. f3 Qc5 24. Kf2 Rfd8 25. Qb2 Bc6 26. c4 Qh5 27. h4 Rb8
28. c5 Rd5 29. f4 Qf5 30. Bf3 Rbd8 31. Bxd5 Qxd5 32. e4 Qxe4 33. Qe2 Qg2+ 34.
Ke1 Qg1+ 35. Qf1 Qxg3+ 36. Qf2 Qh3 37. Rd1 Qh1+ 38. Ke2 Qe4+ 39. Qe3 Qg2+ 40.
Ke1 Qh1+ 41. Ke2 Qg2+ 42. Ke1 Qh1+ 43. Ke2 Qg2+ 44. Ke1 1/2-1/2

[Event "Arab Games 2011"]
[Site "0:38.30-0:00.02"]
[Date "2011.12.14"]
[Round "2"]
[White "Latreche Khadidja"]
[Black "Gharib Alia Ali"]
[Result "1-0"]
[WhiteElo "1936"]
[BlackElo "1799"]
[PlyCount "85"]
[EventDate "2011.??.??"]

1. e4 e5 2. Nf3 Nc6 3. Bc4 Bc5 4. d3 Nf6 5. c3 a6 6. b4 Ba7 7. O-O d6 8. Nbd2
Bg4 9. h3 Be6 10. Re1 Bxc4 11. Nxc4 O-O 12. Bg5 h6 13. Be3 Bxe3 14. Nxe3 d5 15.
Nf5 dxe4 16. dxe4 Qxd1 17. Raxd1 Rad8 18. Ng3 Rfe8 19. Kf1 Nd7 20. Rd3 Nb6 21.
Red1 Nc4 22. Rd5 Nd6 23. a4 f6 24. Nh4 Ne7 25. R5d3 Nc6 26. Nhf5 Nxf5 27. Nxf5
Rxd3 28. Rxd3 Rd8 29. Rd5 Rxd5 30. exd5 Nd8 31. c4 c6 32. Ke2 cxd5 33. cxd5 h5
34. Kd3 Nf7 35. Kc4 b6 36. Ne7+ Kf8 37. Nc8 Ke8 38. Nxb6 Nd6+ 39. Kd3 Kd8 40.
Nc4 Kc7 41. Nxd6 Kxd6 42. Kc4 f5 43. b5 1-0

[Event "Arab Games 2011"]
[Site "0:00.44-0:02.05"]
[Date "2011.12.14"]
[Round "2"]
[White "Jamila Juma"]
[Black "Hamza Amira"]
[Result "0-1"]
[WhiteElo "1727"]
[BlackElo "1877"]
[PlyCount "92"]
[EventDate "2011.??.??"]

1. d4 Nf6 2. c4 g6 3. Nc3 Bg7 4. e4 O-O 5. f4 d6 6. Nf3 c5 7. d5 e6 8. Bd3 exd5
9. cxd5 a6 10. a4 Re8 11. O-O Nbd7 12. a5 Nf8 13. h3 h5 14. Qc2 Qc7 15. Nd2
N6h7 16. Nc4 Qe7 17. Qe2 Bd4+ 18. Kh1 Nd7 19. f5 Ne5 20. Nxe5 Bxe5 21. Bf4 Bxf4
22. Rxf4 Bd7 23. Raf1 Rf8 24. R1f3 g5 25. Rg3 Qe5 26. Rff3 h4 27. Rg4 f6 28. g3
Be8 29. gxh4 Bh5 30. Rg2 Bxf3 31. Qxf3 Rf7 32. hxg5 fxg5 33. h4 Rg7 34. hxg5
Rxg5 35. Rxg5+ Nxg5 36. Qg4 Qf6 37. Qg3 Kf7 38. Qf4 Rh8+ 39. Kg2 Rg8 40. Kf1
Nh3 41. Qf3 Rg1+ 42. Ke2 Qh4 43. Kd2 Ng5 44. Qe2 Qf4+ 45. Qe3 Rg2+ 46. Ne2 Nf3+
0-1

[Event "Arab Games 2011"]
[Site "0:00.15-0:05.26"]
[Date "2011.12.14"]
[Round "2"]
[White "Elansary Eman"]
[Black "Fuad Natalie"]
[Result "0-1"]
[WhiteElo "1822"]
[BlackElo "1952"]
[PlyCount "88"]
[EventDate "2011.??.??"]

1. d4 d5 2. Nf3 e6 3. c4 Nf6 4. e3 c6 5. Nbd2 Bd6 6. b3 Nbd7 7. Bb2 O-O 8. Bd3
Re8 9. Ne5 dxc4 10. bxc4 h6 11. f4 c5 12. Qf3 cxd4 13. exd4 Bb4 14. Qe2 Qa5 15.
Nef3 Nf8 16. O-O Bd7 17. Nb3 Qd8 18. Ne5 a5 19. a4 Bc6 20. Nxc6 bxc6 21. Qf3
Rc8 22. g4 N6h7 23. Qg3 Be7 24. Bc3 Bf6 25. Rad1 Qb6 26. Bc2 Qa7 27. h4 e5 28.
fxe5 Bxe5 29. Qf2 Bf6 30. Nxa5 Qe7 31. Be1 Qe2 32. Qxe2 Rxe2 33. Bf5 Ra8 34.
Nxc6 Rxa4 35. Bd3 Rb2 36. Rb1 Rxb1 37. Bxb1 Rxc4 38. d5 Rxg4+ 39. Kh2 Rc4 40.
Kh3 Ng6 41. h5 Nf4+ 42. Kg3 Nxd5 43. Ba2 Bh4+ 44. Kh3 Ng5+ 0-1

[Event "Arab Games 2011"]
[Site "0:47.05-1:23.06"]
[Date "2011.12.14"]
[Round "2"]
[White "Dahdal Lougain"]
[Black "Mona Khaled"]
[Result "0-1"]
[WhiteElo "1828"]
[BlackElo "2109"]
[PlyCount "50"]
[EventDate "2011.??.??"]

1. d4 Nf6 2. c4 g6 3. Nc3 Bg7 4. e4 d6 5. Bd3 c6 6. Nge2 a6 7. O-O b5 8. a3 e5
9. d5 cxd5 10. cxd5 O-O 11. Bg5 h6 12. Bxf6 Bxf6 13. Qb3 Nd7 14. Qa2 Qb6 15. g3
Nc5 16. Bc2 Bh3 17. Rfd1 a5 18. Kh1 Nb3 19. Ng1 Nxa1 20. Qxa1 Bd7 21. Qc1 Bg7
22. Qd2 b4 23. Na4 Qb7 24. f4 b3 25. Nc5 dxc5 0-1

[Event "Arab Games 2011"]
[Site "0:03.04-0:02.49"]
[Date "2011.12.14"]
[Round "2"]
[White "Wafa Shrook"]
[Black "Alattar Ghayda M"]
[Result "1/2-1/2"]
[WhiteElo "1873"]
[BlackElo "1850"]
[PlyCount "108"]
[EventDate "2011.??.??"]

1. e4 d5 2. exd5 Qxd5 3. Nc3 Qa5 4. d3 Nf6 5. g3 Bg4 6. Nge2 Bf3 7. Rg1 e6 8.
Bd2 Qb6 9. Be3 c5 10. Qd2 Nbd7 11. O-O-O O-O-O 12. Kb1 Ne5 13. Na4 Qb5 14. Nac3
Qc6 15. Bf4 Nc4 16. Qe1 Nb6 17. Rc1 Be7 18. Bd2 e5 19. Nf4 Bd6 20. Ng2 Ng4 21.
h3 Nh2 22. Nh4 Nxf1 23. Rxf1 Bh5 24. Nf5 Rhg8 25. Ne4 Bf8 26. f4 exf4 27. Rxf4
Nd5 28. Rf2 f6 29. Ne3 Bf7 30. Ng5 Bg6 31. Ne4 Bxe4 32. dxe4 Nxe3 33. Qxe3 Bd6
34. Bc3 Rge8 35. Re2 Qc7 36. Rg1 Bxg3 37. a3 Be5 38. Bxe5 Rxe5 39. Reg2 Re7 40.
Qf3 Rdd7 41. Qb3 Re8 42. Qa4 a6 43. Rxg7 Red8 44. Rxd7 Qxd7 45. Qxd7+ Rxd7 46.
Kc1 Kc7 47. Rf1 Rd6 48. Rf5 b6 49. Rh5 Rd7 50. Rh6 Rf7 51. Kd2 Kd6 52. Ke3 Ke6
53. Kf4 b5 54. c3 c4 1/2-1/2

[Event "Arab Games 2011"]
[Site "0:25.58-0:37.07"]
[Date "2011.12.14"]
[Round "2"]
[White "Boshra Alshaeby"]
[Black "Alaa El Din Yosra"]
[Result "1-0"]
[WhiteElo "1884"]
[BlackElo "1844"]
[PlyCount "61"]
[EventDate "2011.??.??"]

1. d4 Nf6 2. c4 d6 3. Nc3 Nbd7 4. e4 e5 5. d5 a5 6. Be3 Be7 7. f3 O-O 8. Nh3
Ne8 9. g4 Bh4+ 10. Nf2 Bg5 11. Qd2 Bxe3 12. Qxe3 Nc5 13. h4 c6 14. h5 Bd7 15.
g5 f5 16. gxf6 Qxf6 17. Be2 Nc7 18. O-O-O cxd5 19. cxd5 b5 20. Rdg1 b4 21. Ncd1
Bb5 22. Ng4 Qf4 23. Bxb5 Nxb5 24. Nh6+ Kh8 25. Nf5 Qxe3+ 26. Ndxe3 Rac8 27. Kb1
Rc7 28. Rg2 Nd3 29. Rc2 Rxc2 30. Kxc2 Rc8+ 31. Kxd3 1-0

[Event "Arab Games 2011"]
[Site "0:19.28-0:40.21"]
[Date "2011.12.15"]
[Round "3"]
[White "Al-Zarouni Kholoud Essa"]
[Black "Moaataz Ayah"]
[Result "1/2-1/2"]
[WhiteElo "1861"]
[BlackElo "1903"]
[PlyCount "64"]
[EventDate "2011.??.??"]

1. e4 c6 2. d4 d5 3. exd5 cxd5 4. c4 Nf6 5. Nc3 Nc6 6. Nf3 e6 7. Be2 dxc4 8.
Bxc4 Be7 9. O-O O-O 10. Bb3 Na5 11. Bc2 b6 12. Qd3 Bb7 13. Bg5 g6 14. Rad1 Nd5
15. Bxe7 Qxe7 16. Nxd5 Bxd5 17. b3 Nc6 18. Qe3 Nb4 19. Bb1 Bb7 20. Rfe1 Rac8
21. h3 Rfd8 22. Rd2 Nd5 23. Qh6 Qf6 24. Be4 Qg7 25. Qh4 Ba6 26. Rc2 Nf6 27.
Rec1 Rxc2 28. Rxc2 h6 29. Qf4 g5 30. Qc7 Rd7 31. Qe5 Nxe4 32. Qxe4 Bb7 1/2-1/2

[Event "Arab Games 2011"]
[Site "0:15.48-0:03.24"]
[Date "2011.12.15"]
[Round "3"]
[White "Elansary Eman"]
[Black "Al Harmoodi Ari Mohamed"]
[Result "1-0"]
[WhiteElo "1822"]
[BlackElo "1858"]
[PlyCount "137"]
[EventDate "2011.??.??"]

1. d4 g6 2. Nf3 Bg7 3. c4 Nf6 4. Nc3 O-O 5. e4 d6 6. Bd3 Bg4 7. h3 Bxf3 8. Qxf3
e5 9. d5 a5 10. O-O Na6 11. Qe2 Nh5 12. g3 Nc5 13. Bc2 Qd7 14. Kg2 c6 15. Na4
Nxa4 16. Bxa4 f5 17. exf5 Rxf5 18. dxc6 bxc6 19. Qe4 Rc8 20. Rd1 Qf7 21. Be3
Nf6 22. Qc2 Ne8 23. Bb6 e4 24. Rab1 Qb7 25. c5 dxc5 26. Bxa5 Bd4 27. Bb3+ Kf8
28. Qxe4 Rxf2+ 29. Kh1 Nf6 30. Qh4 c4 31. Qh6+ Qg7 32. Qxg7+ Kxg7 33. Bxc4 Rxb2
34. Rxb2 Bxb2 35. Rb1 Be5 36. Rb7+ Kh6 37. Bd2+ g5 38. h4 Ne4 39. hxg5+ Nxg5
40. Re7 Bxg3 41. Re6+ Kg7 42. Bxg5 h5 43. Bf6+ Kf8 44. Be5 Bxe5 45. Rxe5 Kg7
46. Rxh5 Kf6 47. Kg2 Ke7 48. Kf3 Kd6 49. Ke4 Rb8 50. Kd4 c5+ 51. Rxc5 Rh8 52.
Rd5+ Kc6 53. Kc3 Rh4 54. Rg5 Rh2 55. Kb4 Rb2+ 56. Kc3 Rh2 57. a4 Kc7 58. Rg6
Rh1 59. Kb4 Rb1+ 60. Kc5 Ra1 61. Rg7+ Kb8 62. Kb6 Rb1+ 63. Bb5 Rc1 64. Rg8+ Rc8
65. Rxc8+ Kxc8 66. a5 Kb8 67. a6 Ka8 68. Bc6+ Kb8 69. a7+ 1-0

[Event "Arab Games 2011"]
[Site "0:17.07-0:01.30"]
[Date "2011.12.15"]
[Round "3"]
[White "Wafa Shrook"]
[Black "Gharib Alia Ali"]
[Result "1-0"]
[WhiteElo "1873"]
[BlackElo "1799"]
[PlyCount "133"]
[EventDate "2011.??.??"]

1. e4 e5 2. Nf3 Nc6 3. Bb5 a6 4. Ba4 Nf6 5. d4 exd4 6. O-O Be7 7. Re1 O-O 8. e5
Ne8 9. Bf4 b5 10. Bb3 d5 11. exd6 Bxd6 12. Bxd6 Qxd6 13. Nbd2 Nf6 14. a4 Bg4
15. axb5 axb5 16. Rxa8 Rxa8 17. Qe2 Rb8 18. h3 Bh5 19. g4 Bg6 20. Nh4 d3 21.
cxd3 Bxd3 22. Qe3 Rd8 23. Nhf3 Bg6 24. Rc1 Nd5 25. Bxd5 Qxd5 26. Qc5 Qxc5 27.
Rxc5 Nd4 28. Rxc7 Nxf3+ 29. Nxf3 h6 30. Rc5 Be4 31. Rc3 f5 32. Kg2 fxg4 33.
hxg4 Rd2 34. b3 Bd5 35. Kg3 Rb2 36. Nd4 b4 37. Rc8+ Kf7 38. Rb8 Rd2 39. Rxb4
Rd3+ 40. Kf4 g5+ 41. Ke5 Bf3 42. Rb6 Kg7 43. Nf5+ Kf8 44. Rb8+ Kf7 45. Nxh6+
Ke7 46. Nf5+ Kd7 47. Rb4 Rd2 48. Kf6 Rxf2 49. Kxg5 Rg2 50. Nh4 Rxg4+ 51. Rxg4
Bxg4 52. Kxg4 Kc6 53. Nf3 Kc5 54. Nd2 Kb4 55. Kf4 Kc3 56. Ke4 Kb4 57. Kd4 Kb5
58. Kc3 Kc5 59. b4+ Kb5 60. Ne4 Kc6 61. Kc4 Kb6 62. b5 Kc7 63. Kc5 Kb7 64. b6
Kb8 65. Kc6 Kc8 66. b7+ Kb8 67. Nc3 1-0

[Event "Arab Games 2011"]
[Site "0:02.16-0:00.26"]
[Date "2011.12.15"]
[Round "3"]
[White "Al-Rufaye Iman Hasan Moha"]
[Black "Elamri Laila A"]
[Result "1-0"]
[WhiteElo "2155"]
[BlackElo "1910"]
[PlyCount "109"]
[EventDate "2011.??.??"]

1. e4 e5 2. Nf3 Nc6 3. Bc4 Bc5 4. c3 Nf6 5. d3 d6 6. O-O a6 7. Bb3 O-O 8. Be3
Ba7 9. h3 Ne7 10. Nbd2 Ng6 11. d4 Qe7 12. Re1 Be6 13. Bc2 h6 14. Nf1 Nh7 15.
Ng3 Nh4 16. Nf5 Nxf3+ 17. Qxf3 Qf6 18. Rad1 Rfe8 19. Qg3 Bxf5 20. dxe5 Qxe5 21.
Qxe5 Rxe5 22. Bxa7 Rxa7 23. exf5 Rxe1+ 24. Rxe1 Kf8 25. f4 Ra8 26. Kf2 Re8 27.
Rd1 Nf6 28. Kf3 Ke7 29. g4 Ng8 30. g5 f6 31. Bb3 Kf8 32. h4 Ne7 33. Be6 Ng8 34.
Rg1 hxg5 35. hxg5 fxg5 36. fxg5 Ne7 37. Rh1 Nc6 38. Rh8+ Ke7 39. Rh7 Kf8 40.
Kf4 Ne5 41. Rh8+ Ke7 42. f6+ gxf6 43. gxf6+ Kd8 44. Rxe8+ Kxe8 45. Kf5 Nd3 46.
b4 b6 47. Bc4 Nc1 48. a4 Kf8 49. Ke4 c6 50. Bxa6 c5 51. Bc4 d5+ 52. Kxd5 Kf7
53. Ke5+ Kf8 54. Kd6 cxb4 55. cxb4 1-0

[Event "Arab Games 2011"]
[Site "0:20.07-0:18.34"]
[Date "2011.12.15"]
[Round "3"]
[White "Jalaluldeen Kareen Kamal"]
[Black "Arif Fadoua"]
[Result "1/2-1/2"]
[WhiteElo "1781"]
[BlackElo "1844"]
[PlyCount "60"]
[EventDate "2011.??.??"]

1. Nf3 e6 2. c4 Bb4 3. a3 Be7 4. Nc3 Nf6 5. g3 d5 6. Bg2 O-O 7. cxd5 exd5 8. d4
Bf5 9. Qb3 Bc8 10. Ne5 c6 11. O-O Nbd7 12. Bf4 Qb6 13. Qxb6 Nxb6 14. b4 Bf5 15.
b5 Rac8 16. bxc6 bxc6 17. Rfc1 Nfd7 18. Nxd7 Bxd7 19. e4 Be6 20. a4 a5 21. exd5
Nxd5 22. Nxd5 Bxd5 23. Bxd5 cxd5 24. Bd2 Bf6 25. Be3 Rfd8 26. Rab1 Rc4 27. Rxc4
dxc4 28. Rb5 Kf8 29. Rxa5 Bxd4 30. Bxd4 Rxd4 1/2-1/2

[Event "Arab Games 2011"]
[Site "0:00.47-0:01.01"]
[Date "2011.12.15"]
[Round "3"]
[White "Emhemed Inas"]
[Black "Safar Reem"]
[Result "1/2-1/2"]
[WhiteElo "1486"]
[BlackElo "1734"]
[PlyCount "76"]
[EventDate "2011.??.??"]

1. Nf3 f5 2. g3 Nf6 3. Bg2 g6 4. d4 Bg7 5. O-O O-O 6. Nbd2 d6 7. Re1 Nc6 8. c3
Kh8 9. Nb3 e5 10. dxe5 dxe5 11. Bg5 Qe7 12. e4 h6 13. Bxf6 Qxf6 14. exf5 Bxf5
15. Nc5 Rad8 16. Qe2 Bg4 17. Ne4 Bxf3 18. Nxf6 Bxe2 19. Rxe2 Rxf6 20. Rae1 Rfd6
21. Be4 Rd2 22. Rxd2 Rxd2 23. Bxg6 Bf8 24. b4 Rxa2 25. b5 Ne7 26. Bf7 Rc2 27.
c4 Kg7 28. Be6 Kf6 29. Bh3 Rxc4 30. Re3 Rb4 31. Rf3+ Kg7 32. Be6 Rb1+ 33. Kg2
Rb2 34. Rf7+ Kg6 35. Rxf8 Rxb5 36. Rf7 Nd5 37. Bxd5 Rxd5 38. Rxc7 a5 1/2-1/2